000 00471nam a2200181Ia 4500
005 20250326124401.0
008 250326s9999 xx 000 0 und d
037 _aTextbook
040 _aFMSL
_beng
_cFMSL
041 _aeng
_2eng
084 _aX:76 L3
_qFMSL
100 _aScott R H
_9737318
245 0 _aPricing system
_cScott R H
260 _aLondon
_bLondon, Holden-Day
_c1973
300 _a293p
942 _cTB
_hX:76 L3
999 _c1273501
_d1273501